000 00479nam a2200169Ia 4500
999 _c12661
_d12661
003 OSt
005 20201016113936.0
008 190216s9999||||xx |||||||||||||| ||und||
040 _coclc
082 _a823.912
_bLAW/P
100 _aLawrence, D H
_94767
245 4 _aThe Plumed Serpant /
_c D H Lawrence
260 _bPenguin Books,
_c1978.
300 _a448p
650 _aEnglish Novel-English Novel
942 _cBK
_2ddc
_h823.912
_iLAW/P
_k823.912
_mLAW/P